[Event "Landsturneringen 2015"]
[Site "Oppsal arena, Oslo"]
[Date "2015.07.07"]
[Round "5"]
[White "Moen, Andreas G.R."]
[Black "Grønn, Atle"]
[Result "1/2-1/2"]
[WhiteElo "2361"]
[BlackElo "2341"]
[PlyCount "121"]
[EventDate "2015.??.??"]
[TimeControl "6000+1765"]
[WhiteClock "0:19:18"]
[BlackClock "0:12:27"]

1. e4 d6 2. Nc3 g6 3. d4 c6 4. Nf3 Bg7 5. Be2 Nf6 6. O-O O-O 7. h3 Nbd7 8. a4
e5 9. dxe5 dxe5 10. Bc4 Qa5 11. Re1 Nh5 12. Qd6 Qc5 13. Qxc5 Nxc5 14. Be3 Ne6
15. a5 Nd4 16. Bxd4 exd4 17. Ne2 d3 18. cxd3 Bxb2 19. Rab1 Bh8 20. Rb3 Ng7 21.
Nf4 Re8 22. Reb1 Re7 23. e5 Ne8 24. d4 Rb8 25. g4 Nc7 26. Ng5 c5 27. Nd5 Nxd5
28. Bxd5 cxd4 29. Nxf7 Be6 30. Bxe6 Rxe6 31. Nxh8 Kxh8 32. Rxb7 Rxb7 33. Rxb7
Rxe5 34. Rxa7 d3 35. Rd7 Rxa5 36. Rxd3 h5 37. Rd7 Kg8 38. Kg2 hxg4 39. hxg4 Ra3
40. f3 Rb3 41. Kg3 Rb4 42. Kh4 Rb5 43. f4 Kf8 44. Ra7 Rc5 45. Ra3 Kg7 46. Kg3
Kf6 47. Re3 Ra5 48. Kf3 Rb5 49. Rd3 Rb4 50. Rd6+ Kg7 51. g5 Rb7 52. Ke4 Kf7 53.
Ke5 Re7+ 54. Kd5 Ra7 55. Rf6+ Kg7 56. Rc6 Rf7 57. Ke4 Re7+ 58. Kd4 Rf7 59. Ke5
Rf5+ 60. Ke4 Rf7 61. Rd6
1/2-1/2

[Event "Landsturneringen 2015"]
[Site "Oppsal arena, Oslo"]
[Date "2015.07.07"]
[Round "5"]
[White "Hole, Øystein"]
[Black "Skrondal, Inge Sandstad"]
[Result "1-0"]
[WhiteElo "2348"]
[BlackElo "2271"]
[PlyCount "86"]
[EventDate "2015.??.??"]
[TimeControl "6000+1130"]
[WhiteClock "0:11:16"]
[BlackClock "0:01:27"]

1. Nf3 g6 2. e4 Bg7 3. d4 d6 4. c3 Nc6 5. d5 Ne5 6. Nxe5 Bxe5 7. Be3 e6 8. Bb5+
Bd7 9. Qb3 c6 10. Bc4 exd5 11. exd5 c5 12. O-O Ne7 13. Re1 O-O 14. Bxc5 Nf5 15.
Rxe5 dxc5 16. Nd2 b5 17. Bf1 c4 18. Qd1 Nd6 19. Qf3 Rc8 20. g3 a5 21. a3 Kg7
22. Rae1 Qf6 23. Qe3 Rfe8 24. f4 a4 25. h3 h5 26. Nf3 Nf5 27. Qf2 Qd6 28. g4
hxg4 29. hxg4 Nh6 30. Qd4 f6 31. Rxe8 Rxe8 32. Rxe8 Bxe8 33. g5 Nf5 34. gxf6+
Qxf6 35. Qe5 Bf7 36. Bg2 Qxe5 37. Nxe5 Be8 38. Kf2 Kf6 39. Bh3 g5 40. Bxf5 Kxf5
41. d6 Ke6 42. d7 Bxd7 43. Nxd7 gxf4
1-0

[Event "Landsturneringen 2015"]
[Site "Oppsal arena, Oslo"]
[Date "2015.07.07"]
[Round "5"]
[White "Holm, Kristian Stuvik"]
[Black "Elsness, Frode"]
[Result "1/2-1/2"]
[WhiteElo "2398"]
[BlackElo "2434"]
[PlyCount "43"]
[EventDate "2015.??.??"]
[TimeControl "6000+1775"]
[WhiteClock "0:24:28"]
[BlackClock "0:17:23"]

1. d4 Nf6 2. c4 e6 3. Nc3 Bb4 4. Qc2 O-O 5. Nf3 c5 6. dxc5 Na6 7. g3 Nxc5 8.
Bg2 b6 9. O-O Bb7 10. Nb5 Be4 11. Qd1 Nb7 12. Bf4 a6 13. Nd6 Nxd6 14. Bxd6 Bxd6
15. Qxd6 Qb8 16. Rfd1 Rc8 17. Ne5 Bxg2 18. Kxg2 Ra7 19. Qxb8 Rxb8 20. g4 Rbb7
21. Rd3 Ne8 22. Rad1
1/2-1/2

[Event "Landsturneringen 2015"]
[Site "Oppsal arena, Oslo"]
[Date "2015.07.07"]
[Round "5"]
[White "Røyset, Pål"]
[Black "Djurhuus, Eivind X"]
[Result "0-1"]
[WhiteElo "2236"]
[BlackElo "2149"]
[PlyCount "142"]
[EventDate "2015.??.??"]
[TimeControl "6000+1340"]
[WhiteClock "0:14:29"]
[BlackClock "0:02:35"]

1. e4 c5 2. Nc3 Nc6 3. f4 g6 4. Nf3 Bg7 5. Bb5 Nd4 6. O-O a6 7. Bc4 e6 8. a3
Ne7 9. d3 O-O 10. Ba2 d5 11. Bd2 dxe4 12. dxe4 Nxf3+ 13. Rxf3 e5 14. Qe1 Be6
15. f5 gxf5 16. exf5 Nxf5 17. Bxe6 fxe6 18. Rd1 Nd4 19. Rxf8+ Qxf8 20. Qe4 Qf5
21. Rf1 Qxe4 22. Nxe4 Nxc2 23. Rc1 Nd4 24. Rxc5 Rf8 25. h3 Nc6 26. Bg5 h6 27.
Be3 Rd8 28. Rc3 Rd1+ 29. Kf2 Rb1 30. Bc1 Nd4 31. Nd2 Ra1 32. Ne4 b5 33. Rc8+
Kh7 34. Bd2 Rb1 35. Bc3 a5 36. Rb8 a4 37. Rb7 Kg6 38. Ke3 h5 39. Nc5 Rg1 40.
Kf2 Rb1 41. Bxd4 exd4 42. Rxb5 e5 43. Kf3 Rf1+ 44. Ke2 Rg1 45. Kf2 Rd1 46. Ke2
Rg1 47. Nxa4 e4 48. Kf2 Rd1 49. Nc5 e3+ 50. Ke2 Rd2+ 51. Kf3 Rf2+ 52. Ke4 e2
53. Nd3 Rf1 54. a4 e1=Q+ 55. Nxe1 Rxe1+ 56. Kd3 Rd1+ 57. Kc2 Rg1 58. a5 Rxg2+
59. Kd3 Rg1 60. b4 Ra1 61. Ke4 Re1+ 62. Kd3 Re3+ 63. Kd2 Ra3 64. Rb6+ Kf5 65.
a6 Ke4 66. Re6+ Be5 67. b5 Ra2+ 68. Kc1 d3 69. Re7 d2+ 70. Kd1 Kd3 71. Rd7+ Bd4
0-1

[Event "Landsturneringen 2015"]
[Site "Oppsal arena, Oslo"]
[Date "2015.07.07"]
[Round "5"]
[White "Røyset, Jon Kr."]
[Black "Nilsen, Joachim B."]
[Result "0-1"]
[WhiteElo "2279"]
[BlackElo "2369"]
[PlyCount "82"]
[EventDate "2015.??.??"]
[TimeControl "6000+865"]
[WhiteClock "0:30:12"]
[BlackClock "0:32:38"]

1. d4 d5 2. c4 dxc4 3. Nf3 Nf6 4. e3 e6 5. Bxc4 c5 6. O-O a6 7. a4 Nc6 8. Nc3
Be7 9. Qe2 cxd4 10. Rd1 O-O 11. exd4 Nd5 12. Qe4 Nf6 13. Qe2 Nd5 14. Bd3 Re8
15. Qe4 f5 16. Qe2 Bf6 17. Bc4 Ncb4 18. Bb3 b6 19. Nxd5 Nxd5 20. Bc4 Bb7 21.
Ra3 Qd6 22. Ne5 Rec8 23. Rg3 Rc7 24. Bg5 Bxg5 25. Rxg5 Rac8 26. Qf1 Qb4 27. b3
b5 28. axb5 axb5 29. Bxb5 Nc3 30. Bc4 Nxd1 31. Bxe6+ Kh8 32. Ng6+ hxg6 33. Qe2
Bf3 34. gxf3 Rc1 35. Kg2 Nxf2 36. Bxc8 Rxc8 37. Qxf2 Qxb3 38. Qh4+ Kg8 39. Rxg6
Rc2+ 40. Kg3 Qb8+ 41. Qf4 Rg2+
0-1

[Event "Landsturneringen 2015"]
[Site "Oppsal arena, Oslo"]
[Date "2015.07.07"]
[Round "5"]
[White "Byklum, Bjørnar"]
[Black "Christiansen, Johan-Sebastian"]
[Result "0-1"]
[WhiteElo "2300"]
[BlackElo "2409"]
[PlyCount "88"]
[EventDate "2015.??.??"]
[TimeControl "6000+1535"]
[WhiteClock "0:13:20"]
[BlackClock "0:24:38"]

1. d4 d5 2. c4 dxc4 3. Nf3 Nf6 4. e3 b5 5. a4 b4 6. Bxc4 e6 7. O-O Be7 8. b3
Bb7 9. Bb2 O-O 10. Nbd2 c5 11. Qe2 Nbd7 12. Rac1 Rc8 13. Rc2 Rc7 14. Rfc1 Qb8
15. Bd3 Rfc8 16. Ne5 Qa8 17. f3 Qb8 18. Ndc4 cxd4 19. exd4 Bd8 20. Re1 Nf8 21.
Bc1 Nd5 22. Qf2 Re7 23. Rce2 Re8 24. f4 Bf6 25. f5 exf5 26. Qxf5 Rcd8 27. Nf3
Rxe2 28. Rxe2 Ne7 29. Qg4 Bxf3 30. Qxf3 Bxd4+ 31. Kh1 Bf6 32. Bd2 Neg6 33. h3
Ne6 34. Be4 Nd4 35. Qf2 Nxe2 36. Qxe2 Bc3 37. Be3 Qc7 38. a5 Re8 39. Qf3 Qe7
40. Bc6 Rd8 41. Bd5 Bf6 42. a6 Qd7 43. Bb7 Bd4 44. Nb6 axb6
0-1

[Event "Landsturneringen 2015"]
[Site "Oppsal arena, Oslo"]
[Date "2015.07.07"]
[Round "5"]
[White "Sagafos, Magne"]
[Black "Getz, Nicolai"]
[Result "1/2-1/2"]
[WhiteElo "2409"]
[BlackElo "2386"]
[PlyCount "140"]
[EventDate "2015.??.??"]
[TimeControl "6000+1235"]
[WhiteClock "0:03:35"]
[BlackClock "0:04:48"]

1. e4 e5 2. Nf3 Nc6 3. Nc3 Nf6 4. d4 exd4 5. Nxd4 Bc5 6. Be3 Bb6 7. Nf5 Bxe3 8.
Nxe3 O-O 9. Bd3 d6 10. O-O Ne5 11. f4 Nfg4 12. Nxg4 Bxg4 13. Qd2 Nxd3 14. Qxd3
Bd7 15. Qd4 Bc6 16. Rae1 a6 17. Re3 Qd7 18. f5 f6 19. Ne2 Rae8 20. Nf4 Re5 21.
Nd3 Re7 22. c4 Rfe8 23. Rfe1 b6 24. Nf2 Bb7 25. b3 Qc6 26. Rg3 Qc5 27. Qxf6 Rf7
28. Qc3 Rxe4 29. Rxe4 Bxe4 30. f6 Bg6 31. Rf3 gxf6 32. Rxf6 Re7 33. Kf1 Re3 34.
Qd2 Qe5 35. Qd5+ Qxd5 36. cxd5 Re5 37. Ng4 Bd3+ 38. Kf2 Rxd5 39. Rf3 Kg7 40.
Nf6 Re5 41. g4 Bg6 42. h4 h6 43. Kg3 d5 44. Nd7 Re7 45. Nb8 c5 46. Nxa6 d4 47.
Rf2 Bd3 48. Nb8 Be2 49. Nc6 Re6 50. Nd8 Re3+ 51. Kf4 Re8 52. Nb7 Rf8+ 53. Kg3
Rxf2 54. Kxf2 Bxg4 55. Nd6 Be6 56. Kg3 Kf6 57. Kf4 Bd7 58. Nc4 b5 59. Ne5 Ke6
60. Ke4 Be8 61. b4 d3 62. Nxd3 Bg6+ 63. Ke3 Bxd3 64. Kxd3 c4+ 65. Kd4 Kd6 66.
a4 bxa4 67. Kxc4 Kc6 68. b5+ Kb6 69. Kb4 a3 70. Kxa3 Kxb5
1/2-1/2

[Event "Landsturneringen 2015"]
[Site "Oppsal arena, Oslo"]
[Date "2015.07.07"]
[Round "5"]
[White "Tari, Aryan"]
[Black "Mikalsen, Erlend"]
[Result "1-0"]
[WhiteElo "2499"]
[BlackElo "2334"]
[PlyCount "55"]
[EventDate "2015.??.??"]
[TimeControl "6000+1055"]
[WhiteClock "0:24:34"]
[BlackClock "0:31:03"]

1. e4 e5 2. Nf3 Nc6 3. Bb5 a6 4. Ba4 Nf6 5. O-O b5 6. Bb3 Bb7 7. Re1 Bc5 8. c3
d6 9. d4 Bb6 10. Be3 O-O 11. Nbd2 exd4 12. cxd4 Nb4 13. d5 Nd3 14. Re2 c5 15.
Qb1 c4 16. Bxc4 Nxf2 17. Bxf2 Bxf2+ 18. Rxf2 bxc4 19. Nxc4 Qc7 20. Qd3 Qc5 21.
b4 Qa7 22. h3 Rad8 23. Nfd2 Rfe8 24. Raf1 Re7 25. Kh2 Rde8 26. Nxd6 Qb8 27.
Rxf6 gxf6 28. Qg3+
1-0

[Event "Landsturneringen 2015"]
[Site "Oppsal arena, Oslo"]
[Date "2015.07.07"]
[Round "5"]
[White "Urkedal, Frode Olav Olsen"]
[Black "Salomon, Johan"]
[Result "1/2-1/2"]
[WhiteElo "2512"]
[BlackElo "2419"]
[PlyCount "79"]
[EventDate "2015.??.??"]
[TimeControl "6000+1825"]
[WhiteClock "0:03:23"]
[BlackClock "0:23:23"]

1. d4 d5 2. c4 c6 3. Nf3 Nf6 4. Nc3 dxc4 5. a4 e6 6. e3 c5 7. Bxc4 Nc6 8. O-O
cxd4 9. Nxd4 Bd7 10. Qe2 a6 11. Nxc6 Bxc6 12. e4 Be7 13. Rd1 Qa5 14. e5 Nd7 15.
Bf4 g5 16. Bg3 h5 17. h3 h4 18. Bh2 g4 19. Qxg4 O-O-O 20. Qf4 Rhg8 21. Bf1 Bg5
22. Qxf7 Rdf8 23. Qxe6 Qb6 24. Ne4 Qxb2 25. Rab1 Qc2 26. Rxd7 Bxd7 27. Nd6+ Kb8
28. Rxb7+ Ka8 29. Ra7+ Kb8 30. Rb7+ Ka8 31. Rxd7 Qxf2+ 32. Kh1 Qxf1+ 33. Bg1
Qxg1+ 34. Kxg1 Be3+ 35. Kh2 Rxg2+ 36. Kxg2 Rf2+ 37. Kg1 Rf3+ 38. Kh2 Rf2+ 39.
Kh1 Rf1+ 40. Kg2
1/2-1/2

[Event "Landsturneringen 2015"]
[Site "Oppsal arena, Oslo"]
[Date "2015.07.08"]
[Round "6"]
[White "Salomon, Johan"]
[Black "Gausel, Einar J"]
[Result "0-1"]
[WhiteElo "2419"]
[BlackElo "2485"]
[PlyCount "120"]
[EventDate "2015.??.??"]
[WhiteClock "0:02:56"]
[BlackClock "0:06:28"]

1. Nf3 Nf6 2. d4 e6 3. c4 b6 4. Nc3 Bb7 5. Bg5 h6 6. Bh4 Be7 7. e3 O-O 8. Bd3
c5 9. O-O cxd4 10. exd4 d6 11. Re1 Nbd7 12. Qe2 Re8 13. b4 a6 14. a3 Rc8 15.
Rac1 Rc7 16. h3 Qa8 17. Bg3 Rcc8 18. Nh4 Bf8 19. Bb1 Bc6 20. Qd3 Bb7 21. Rcd1
a5 22. Nb5 Ba6 23. Nxd6 Bxd6 24. Bxd6 Bxc4 25. Qg3 Bd5 26. bxa5 bxa5 27. Be5
Rc6 28. Bd3 Rec8 29. f4 Rc3 30. Re3 Rc1 31. Ree1 Rxd1 32. Rxd1 Nxe5 33. dxe5
Qa7+ 34. Kh2 Ne4 35. Qe1 Nf2 36. Rd2 Nxd3 37. Rxd3 Rc2 38. Rc3 Rxc3 39. Qxc3
Qf2 40. Qg3 Qc2 41. Qe3 a4 42. Kg3 g6 43. Nf3 Kg7 44. Qa7 Qd1 45. Qe3 Qb3 46.
Kf2 h5 47. h4 Qc2+ 48. Qd2 Qb1 49. Qe3 Qb2+ 50. Kg3 Qc2 51. Qa7 Qf5 52. Qxa4
Qg4+ 53. Kf2 Bxf3 54. gxf3 Qxh4+ 55. Ke2 Qh2+ 56. Ke3 Qg1+ 57. Ke2 h4 58. Qd7
Qg3 59. Qd8 Qxf4 60. a4 h3 
0-1

[Event "Landsturneringen 2015"]
[Site "Oppsal arena, Oslo"]
[Date "2015.07.08"]
[Round "6"]
[White "Tari, Aryan"]
[Black "Urkedal, Frode Olav Olsen"]
[Result "1-0"]
[WhiteElo "2499"]
[BlackElo "2512"]
[PlyCount "55"]
[EventDate "2015.??.??"]
[TimeControl "6000+1480"]
[WhiteClock "0:40:25"]
[BlackClock "0:12:35"]

1. e4 e6 2. d4 d5 3. Nc3 Nf6 4. e5 Nfd7 5. f4 c5 6. Nf3 Nc6 7. Be3 a6 8. Qd2 b5
9. dxc5 Bxc5 10. Bd3 Rb8 11. Bf2 Qb6 12. O-O Bxf2+ 13. Rxf2 Nc5 14. Re1 b4 15.
Nd1 a5 16. Ne3 O-O 17. f5 Nxd3 18. Qxd3 Ba6 19. Qd2 Kh8 20. f6 gxf6 21. Ng4
Nxe5 22. Nfxe5 fxe5 23. Nf6 Rg8 24. Nd7 Qc7 25. Rxf7 Bb7 26. Qh6 Rxg2+ 27. Kxg2
Qxc2+ 28. Kh3
1-0

[Event "Landsturneringen 2015"]
[Site "Oppsal arena, Oslo"]
[Date "2015.07.08"]
[Round "6"]
[White "Elsness, Frode"]
[Black "Østenstad, Berge"]
[Result "1-0"]
[WhiteElo "2434"]
[BlackElo "2456"]
[PlyCount "75"]
[EventDate "2015.??.??"]
[WhiteClock "0:02:41"]
[BlackClock "0:00:40"]

1. d4 Nf6 2. c4 e6 3. g3 d5 4. Nf3 Bb4+ 5. Bd2 Be7 6. Bg2 O-O 7. O-O c6 8. Qc2
b6 9. Bf4 Ba6 10. cxd5 cxd5 11. Rc1 Nbd7 12. Nc3 Nh5 13. Qa4 Bb7 14. Bc7 Qe8
15. Nb5 Ndf6 16. Qb3 Bc6 17. a4 Ne4 18. Ne5 Bxb5 19. axb5 Nhf6 20. Nc6 Bd6 21.
Bxd6 Nxd6 22. Nxa7 Qd7 23. Nc6 Rfc8 24. e3 Nfe4 25. Qb4 g6 26. f3 Rxa1 27. Rxa1
Nf6 28. Ra6 Kg7 29. Bf1 Nf5 30. Kf2 h5 31. Bd3 h4 32. Ra7 hxg3+ 33. hxg3 Rc7
34. Ra8 Rc8 35. Ne5 Qc7 36. Rxc8 Qxc8 37. g4 Nh4 38. Qe7 
1-0

[Event "Landsturneringen 2015"]
[Site "Oppsal arena, Oslo"]
[Date "2015.07.08"]
[Round "6"]
[White "Christiansen, Johan-Sebastian"]
[Black "Djurhuus, Rune"]
[Result "0-1"]
[WhiteElo "2409"]
[BlackElo "2422"]
[PlyCount "84"]
[EventDate "2015.??.??"]
[WhiteClock "0:02:17"]
[BlackClock "0:05:35"]

1. Nf3 Nf6 2. c4 g6 3. d4 Bg7 4. g3 O-O 5. Bg2 d6 6. O-O Nbd7 7. Nc3 e5 8. e4
a6 9. Re1 exd4 10. Nxd4 Rb8 11. Be3 Ne5 12. Qe2 Nfg4 13. Bf4 Nxf2 14. Qxf2 Nd3
15. Qe3 Nxe1 16. Rxe1 g5 17. Bxg5 Bxd4 18. Qxd4 Qxg5 19. e5 Qg7 20. Nd5 Kh8 21.
Nf6 Bf5 22. g4 Bg6 23. h4 h6 24. g5 Rbd8 25. Bxb7 c5 26. Qf4 dxe5 27. Rxe5 Rd4
28. Qf2 Rxc4 29. Rxc5 Rxc5 30. Qxc5 Rd8 31. Qe5 Bb1 32. a4 a5 33. Qxa5 Rb8 34.
Qe5 Rg8 35. Qe1 Qxf6 36. Qxb1 Qb6+ 37. Kh2 Qc7+ 38. Kh3 Qxb7 39. Qd1 Qxb2 40.
Qh5 Qb3+ 41. Kh2 Qc2+ 42. Kh3 Qg6 
0-1

[Event "Landsturneringen 2015"]
[Site "Oppsal arena, Oslo"]
[Date "2015.07.08"]
[Round "6"]
[White "Fossan, Petter"]
[Black "Holm, Kristian Stuvik"]
[Result "0-1"]
[WhiteElo "2308"]
[BlackElo "2398"]
[PlyCount "76"]
[EventDate "2015.??.??"]
[TimeControl "6000+305"]
[WhiteClock "1:18:13"]
[BlackClock "1:23:43"]

1. d4 Nf6 2. c4 c5 3. d5 b5 4. cxb5 a6 5. f3 axb5 6. e4 Qa5+ 7. Bd2 b4 8. Na3
d6 9. Nc4 Qd8 10. a3 e6 11. dxe6 Bxe6 12. axb4 Rxa1 13. Qxa1 d5 14. exd5 Nxd5
15. Ne5 Bd6 16. Bb5+ Kf8 17. Nc4 Nxb4 18. Bxb4 Bxc4 19. Bxc4 cxb4 20. b3 Bc5
21. Ne2 Qc7 22. g3 h5 23. Nf4 h4 24. Nd5 Qd6 25. g4 Rh6 26. Kd1 Rf6 27. Rf1 Re6
28. f4 Nc6 29. Re1 Kg8 30. Qa8+ Kh7 31. Rxe6 Qxe6 32. h3 Bf2 33. Kc2 Qe4+ 34.
Kc1 Qe1+ 35. Kc2 Nd4+ 36. Kb2 Qd2+ 37. Ka1 Nc2+ 38. Kb1 Na3+
0-1

[Event "Landsturneringen 2015"]
[Site "Oppsal arena, Oslo"]
[Date "2015.07.08"]
[Round "6"]
[White "Mikalsen, Erlend"]
[Black "Sagafos, Magne"]
[Result "1-0"]
[WhiteElo "2334"]
[BlackElo "2409"]
[PlyCount "71"]
[EventDate "2015.??.??"]
[WhiteClock "0:21:52"]
[BlackClock "0:00:44"]

1. e4 c5 2. Nf3 d6 3. d4 cxd4 4. Nxd4 Nf6 5. Nc3 g6 6. Be3 Bg7 7. f3 Nc6 8. Qd2
O-O 9. Bc4 Ne5 10. Bb3 Bd7 11. O-O-O Rc8 12. Kb1 Re8 13. h4 h5 14. g4 hxg4 15.
h5 Nxh5 16. Bh6 Bf6 17. Rdg1 Rxc3 18. bxc3 Qc8 19. f4 Nc4 20. Qd3 b5 21. f5 d5
22. fxg6 fxg6 23. exd5 Ne5 24. Qe3 Nf7 25. Rf1 Kh7 26. Bf4 Qc5 27. Qd3 Kg7 28.
Bd2 Rh8 29. Qe3 Qc7 30. Ne6+ Bxe6 31. Qxe6 Ne5 32. Be3 a5 33. Bd4 Nf3 34. Rxf3
gxf3 35. d6 Qxd6 36. Bxf6+ 
1-0

[Event "Landsturneringen 2015"]
[Site "Oppsal arena, Oslo"]
[Date "2015.07.08"]
[Round "6"]
[White "Getz, Nicolai"]
[Black "Djurhuus, Eivind X"]
[Result "1-0"]
[WhiteElo "2386"]
[BlackElo "2149"]
[PlyCount "99"]
[EventDate "2015.??.??"]
[WhiteClock "0:24:42"]
[BlackClock "0:15:14"]

1. e4 c5 2. Nf3 e6 3. d4 cxd4 4. Nxd4 Nc6 5. Nc3 Qc7 6. g3 a6 7. Bg2 Nf6 8. O-O
Nxd4 9. Qxd4 Bc5 10. Bf4 d6 11. Qd2 h6 12. Rad1 e5 13. Be3 Be6 14. Bxc5 dxc5
15. Nd5 Bxd5 16. exd5 Qd6 17. f4 O-O 18. fxe5 Qxe5 19. c3 Qd6 20. Rf5 Ne8 21.
Qf2 b6 22. h4 Rd8 23. g4 Qd7 24. g5 Nd6 25. Rf4 h5 26. Qe2 g6 27. Qxa6 b5 28.
Qc6 Qa7 29. Rf6 c4+ 30. Kh1 Nf5 31. Rxf5 gxf5 32. Qh6 Qf2 33. g6 Qxh4+ 34. Kg1
fxg6 35. Qxg6+ Kh8 36. Qh6+ Kg8 37. d6 Qg4 38. Rd4 Qg3 39. Kf1 Rf7 40. Bd5 Qh3+
41. Kf2 Qh2+ 42. Ke1 Re8+ 43. Kd1 Qe2+ 44. Kc1 Qf1+ 45. Rd1 Re1 46. Bxf7+ Kxf7
47. Qxh5+ Kf8 48. Qh8+ Kf7 49. Qh7+ Kf8 50. Qe7+ 
1-0

[Event "Landsturneringen 2015"]
[Site "Oppsal arena, Oslo"]
[Date "2015.07.08"]
[Round "6"]
[White "Fossan, Erik"]
[Black "Hole, Øystein"]
[Result "1/2-1/2"]
[WhiteElo "2356"]
[BlackElo "2348"]
[PlyCount "45"]
[EventDate "2015.??.??"]
[WhiteClock "0:15:19"]
[BlackClock "0:33:07"]

1. e4 c6 2. d4 d5 3. exd5 cxd5 4. c4 Nf6 5. Nc3 e6 6. Nf3 Bb4 7. Bd3 dxc4 8.
Bxc4 Qc7 9. Qe2 O-O 10. O-O Bxc3 11. bxc3 b6 12. Bb2 Bb7 13. Bd3 Nbd7 14. c4
Rac8 15. Rac1 Qf4 16. Qe3 Qg4 17. h3 Qh5 18. Be2 Qf5 19. Rfd1 Rfd8 20. Qa3 Nh5
21. Nh4 Qg5 22. Nf3 Qf5 23. Nh4 
1/2-1/2

[Event "Landsturneringen 2015"]
[Site "Oppsal arena, Oslo"]
[Date "2015.07.08"]
[Round "6"]
[White "Nilsen, Joachim B."]
[Black "Stubberud, Ørnulf"]
[Result "1/2-1/2"]
[WhiteElo "2369"]
[BlackElo "2306"]
[PlyCount "91"]
[EventDate "2015.??.??"]
[WhiteClock "0:32:47"]
[BlackClock "0:17:55"]

1. c4 c5 2. g3 g6 3. Bg2 Bg7 4. Nf3 Nc6 5. Nc3 e5 6. O-O Nge7 7. a3 a5 8. Ne1
O-O 9. Nc2 d6 10. d3 Be6 11. Bg5 f6 12. Bd2 Rb8 13. Ne3 Nd4 14. Rb1 b6 15. b4
axb4 16. axb4 Qd7 17. Ned5 Nxd5 18. Nxd5 Bg4 19. Nc3 h5 20. Be3 Nf5 21. Nd5 Ne7
22. Nxe7+ Qxe7 23. Rb3 Qd7 24. Qd2 Bh3 25. Bd5+ Be6 26. Bxe6+ Qxe6 27. Rfb1
Rbd8 28. Bh6 Rf7 29. bxc5 bxc5 30. Bxg7 Kxg7 31. Rb8 Rxb8 32. Rxb8 Ra7 33. Qb2
h4 34. Rb7+ Rxb7 35. Qxb7+ Kh6 36. Qb8 Kg7 37. Qc7+ Kh6 38. Qd8 Kg7 39. gxh4
Qg4+ 40. Kf1 Qxh4 41. Ke1 Qd4 42. Qe7+ Kh6 43. Qxf6 Qa1+ 44. Kd2 Qb2+ 45. Ke3
Qd4+ 46. Kd2 
1/2-1/2

[Event "Landsturneringen 2015"]
[Site "Oppsal arena, Oslo"]
[Date "2015.07.08"]
[Round "6"]
[White "Grønn, Atle"]
[Black "Byklum, Bjørnar"]
[Result "1-0"]
[WhiteElo "2341"]
[BlackElo "2300"]
[PlyCount "97"]
[EventDate "2015.??.??"]
[WhiteClock "0:02:24"]
[BlackClock "0:17:22"]

1. Nf3 c5 2. c4 g6 3. e4 Bg7 4. d4 Qa5+ 5. Nc3 d6 6. d5 Bxc3+ 7. bxc3 Nf6 8. e5
dxe5 9. Qc2 Bf5 10. Qb2 Nbd7 11. h3 h5 12. Nh4 e6 13. Nxf5 exf5 14. Rb1 Ne4 15.
Bd3 Nd6 16. O-O Qd8 17. Re1 Qf6 18. a4 f4 19. a5 O-O 20. f3 Rfe8 21. Qa2 Qh4
22. Qf2 Qxf2+ 23. Kxf2 Rab8 24. g3 fxg3+ 25. Kxg3 f5 26. Kh2 Kf7 27. Rb2 Nf6
28. Bf1 Rbc8 29. h4 Nd7 30. Be3 e4 31. Bf4 Ne5 32. fxe4 fxe4 33. Bh3 Nf3+ 34.
Kg3 Nxe1 35. Bxd6 Rcd8 36. Rxb7+ Kf6 37. Bxc5 Nf3 38. a6 g5 39. hxg5+ Nxg5 40.
Bd4+ Kg6 41. Rg7+ Kh6 42. Bf5 Rg8 43. Rxg8 Rxg8 44. Be3 Rf8 45. Kf4 Rg8 46. d6
h4 47. d7 Kh5 48. c5 h3 49. Bxh3 
1-0

[Event "Landsturneringen 2015"]
[Site "Oppsal arena, Oslo"]
[Date "2015.07.08"]
[Round "6"]
[White "Skrondal, Inge Sandstad"]
[Black "Moen, Andreas G.R."]
[Result "1/2-1/2"]
[WhiteElo "2271"]
[BlackElo "2361"]
[PlyCount "21"]
[EventDate "2015.??.??"]
[WhiteClock "0:57:24"]
[BlackClock "0:56:18"]

1. d4 d5 2. Nf3 c5 3. c4 e6 4. cxd5 exd5 5. Nc3 Nf6 6. Bg5 Be7 7. dxc5 O-O 8.
e3 Be6 9. Nd4 Bxc5 10. Be2 Nc6 11. O-O 
1/2-1/2

[Event "Landsturneringen 2015"]
[Site "Oppsal arena, Oslo"]
[Date "2015.07.04"]
[Round "6"]
[White "Røyset, Jon Kr."]
[Black "Røyset, Pål"]
[Result "1-0"]
[WhiteElo "2279"]
[BlackElo "2236"]
[PlyCount "153"]

1-0

1. e4 e5 2. Nf3 Nc6 3. Bc4 Be7 4. d4 d6 5. O-O Nf6 6. Nc3 Bg4 7. dxe5 dxe5 8.
Qxd8+ Rxd8 9. Bb5 Bxf3 10. Bxc6+ bxc6 11. gxf3 Nd7 12. Be3 Nc5 13. Rad1 Ne6 14.
Ne2 Bd6 15. Rd3 Rb8 16. Rb3 Kd7 17. Rd1 Kc8 18. Rxb8+ Kxb8 19. Nc1 c5 20. c3
Kb7 21. Nb3 Kc6 22. a4 Rb8 23. Na5+ Kd7 24. Nc4 f6 25. Kf1 Ke7 26. Ke2 Rf8 27.
Rd5 Rb8 28. Kd3 g5 29. Ke2 Rg8 30. h3 Rd8 31. Kf1 c6 32. Rd1 Bc7 33. Ra1 a6 34.
Ke2 Rg8 35. Rh1 h5 36. h4 g4 37. fxg4 Rxg4 38. f3 Rg8 39. Kf2 Rd8 40. Rg1 Kf7
41. Ke2 Rg8 42. Rxg8 Kxg8 43. Kd3 Kf7 44. Nd2 Nf8 45. Kc4 Ke6 46. Nb3 Bd6 47.
Bf2 Kd7 48. Nxc5+ Bxc5 49. Kxc5 Kc7 50. Kb4 Ng6 51. Ka5 Kb7 52. Bg3 Ne7 53. Kb4
Nc8 54. Bf2 Ne7 55. Kc5 Kc7 56. Bg3 Ng6 57. Kc4 Kb6 58. b3 Kb7 59. a5 Kc7 60.
b4 Kd6 61. Kb3 Kd7 62. Ka4 Ne7 63. c4 Kc8 64. b5 Kb7 65. Kb4 f5 66. Bxe5 Ng6
67. Bf6 fxe4 68. fxe4 Nf4 69. bxa6+ Kxa6 70. Kc5 Kb7 71. Kd6 Nd3 72. e5 Nb2 73.
e6 Nxc4+ 74. Kd7 Ne3 75. e7 Nd5 76. Be5 Nxe7 77. Kxe7 
1-0

[Event "Landsturneringen 2015"]
[Site "Oppsal arena, Oslo"]
[Date "2015.07.09"]
[Round "7"]
[White "Djurhuus, Rune"]
[Black "Tari, Aryan"]
[Result "0-1"]
[WhiteElo "2422"]
[BlackElo "2499"]
[PlyCount "120"]
[EventDate "2015.??.??"]
[WhiteClock "0:01:58"]
[BlackClock "0:11:43"]

1. e4 c6 2. d4 d5 3. Nd2 dxe4 4. Nxe4 Bf5 5. Ng3 Bg6 6. h4 h6 7. Nf3 Nd7 8. h5
Bh7 9. Bd3 Bxd3 10. Qxd3 e6 11. Bd2 Ngf6 12. O-O-O Be7 13. Kb1 O-O 14. Ne4 Nxe4
15. Qxe4 Nf6 16. Qe2 Qd5 17. Be3 Qb5 18. c4 Qf5+ 19. Ka1 c5 20. Ne5 cxd4 21.
Bxd4 Rfd8 22. g4 Qf4 23. Bc3 Ne4 24. Bd4 Nf6 25. Bc3 Qe4 26. Rde1 Qxe2 27. Rxe2
Bd6 28. f3 Bxe5 29. Bxe5 Rd3 30. Bxf6 gxf6 31. Rf1 Rad8 32. Kb1 R3d4 33. b3 Kf8
34. Kc2 Ke7 35. Kc3 Rd3+ 36. Kc2 R3d4 37. Kc3 Rf4 38. Re4 Rxe4 39. fxe4 Rg8 40.
Rg1 Kd6 41. Kd4 f5 42. c5+ Kc6 43. exf5 exf5 44. g5 hxg5 45. Ke5 f4 46. Kf5
Kxc5 47. h6 f3 48. Kg4 Rh8 49. Kxf3 Rxh6 50. Rxg5+ Kb4 51. Rg4+ Kc3 52. Rf4 Ra6
53. Rxf7 b6 54. Rc7+ Kb2 55. b4 Rxa2 56. b5 Kb3 57. Rc1 Ra5 58. Rb1+ Kc4 59.
Ke3 Rxb5 60. Ra1 Rb3+ {Kd4+} 
0-1

[Event "Landsturneringen 2015"]
[Site "Oppsal arena, Oslo"]
[Date "2015.07.09"]
[Round "7"]
[White "Holm, Kristian Stuvik"]
[Black "Salomon, Johan"]
[Result "1/2-1/2"]
[WhiteElo "2398"]
[BlackElo "2419"]
[PlyCount "55"]
[EventDate "2015.??.??"]
[WhiteClock "0:06:30"]
[BlackClock "0:20:46"]

1. d4 d5 2. c4 e6 3. Nc3 c6 4. e3 Bd6 5. Bd3 Nd7 6. Nf3 f5 7. cxd5 cxd5 8. Bd2
a6 9. Ne2 Ngf6 10. Nf4 Qe7 11. Ng5 Nb8 12. O-O O-O 13. f3 Nc6 14. Bc3 b5 15.
Ngh3 Bd7 16. a3 Rfb8 17. Be1 e5 18. dxe5 Qxe5 19. Bg3 Qxe3+ 20. Kh1 Qe7 21.
Bxf5 Bxf5 22. Nxd5 Qe6 23. Nxf6+ gxf6 24. Qxd6 Bxh3 25. gxh3 Qxd6 26. Bxd6 Rd8
27. Rfd1 Ne5 28. Bxe5 
1/2-1/2